|
|
|
|
| LEADER |
00000cam a22000004a 4500 |
| 001 |
musev2_68804 |
| 003 |
MdBmJHUP |
| 005 |
20230905051118.0 |
| 006 |
m o d |
| 007 |
cr||||||||nn|n |
| 008 |
100817s1996 ncu o 00 0 eng d |
| 020 |
|
|
|a 9780822398011
|
| 020 |
|
|
|z 9780822318149
|
| 020 |
|
|
|z 9780822318071
|
| 035 |
|
|
|a (OCoLC)1139386462
|
| 040 |
|
|
|a MdBmJHUP
|c MdBmJHUP
|
| 100 |
1 |
|
|a Perrone, Charles A.,
|e author.
|
| 245 |
1 |
0 |
|a Seven Faces :
|b Brazilian Poetry Since Modernism /
|c Charles A. Perrone.
|
| 264 |
|
1 |
|a Durham :
|b Duke University Press,
|c 1996.
|
| 264 |
|
3 |
|a Baltimore, Md. :
|b Project MUSE,
|c 2020
|
| 264 |
|
4 |
|c ©1996.
|
| 300 |
|
|
|a 1 online resource (253 pages):
|b illustrations
|
| 336 |
|
|
|a text
|b txt
|2 rdacontent
|
| 337 |
|
|
|a computer
|b c
|2 rdamedia
|
| 338 |
|
|
|a online resource
|b cr
|2 rdacarrier
|
| 505 |
0 |
|
|a Preface: Facets, Phases, Titles, Trends: Brazilian Lyric 1950-1990 -- 1. Leaders and Legacies: From Modernismo to Reactions and the Contemporary -- 2. The Imperative of Invention: Concrete Poetry and the Poetic Vanguards -- 3. The Social Imperative: Violao de rua and the Politics of Poetry in the 1960s -- 4. The Orphic Imperative: Lyric, Lyrics, and the Poetry of Song -- 5. Margins and Marginals: New Brazilian Poetry of the 1970s -- 6. Pagings and Postings: Historical Imperatives of the Late Century -- Postface: Coverage and Countenance.
|
| 520 |
1 |
|
|a "Study of Brazilian poetry from 1950-90 examines its 'seven faces' (a pun on Drummond's poem of the same name), phases, and trends. Introductory chapter reviews movement's initial phases and sets the stage for what follows: the legacy of the Modernist movement. Chapters 2-6 cover Concrete poetry and other vanguard groups, the lyricism of popular music, and different types of 1970s youth poetry. Also examines social and esthetic tensions in contemporary Brazilian poetry"--Handbook of Latin American Studies, v. 58.
|u http://www.loc.gov/hlas
|
| 546 |
|
|
|a English.
|
| 588 |
|
|
|a Description based on print version record.
|
| 650 |
1 |
7 |
|a Gedichten.
|2 gtt
|
| 650 |
1 |
7 |
|a Portugees.
|2 gtt
|
| 650 |
|
7 |
|a Lyrik
|2 gnd
|
| 650 |
|
7 |
|a Brazilian poetry.
|2 fast
|0 (OCoLC)fst00838148
|
| 650 |
|
7 |
|a LITERARY CRITICISM / European / Spanish & Portuguese
|2 bisacsh
|
| 650 |
|
7 |
|a LITERARY CRITICISM
|x European
|x Spanish & Portuguese.
|2 bisacsh
|
| 650 |
|
6 |
|a Poesie bresilienne
|y 20e siecle
|x Histoire et critique.
|
| 650 |
|
0 |
|a Brazilian poetry
|y 20th century
|x History and criticism.
|
| 651 |
|
7 |
|a Brasilien
|2 gnd
|
| 655 |
|
7 |
|a Criticism, interpretation, etc.
|2 fast
|0 (OCoLC)fst01411635
|
| 655 |
|
7 |
|a Electronic books.
|2 local
|
| 710 |
2 |
|
|a Project Muse.
|e distributor
|
| 830 |
|
0 |
|a Book collections on Project MUSE.
|
| 856 |
4 |
0 |
|z Texto completo
|u https://projectmuse.uam.elogim.com/book/68804/
|
| 945 |
|
|
|a Project MUSE - Custom Collection
|